Los duelos con pan son menos (Registro nro. 163895)

Detalles MARC
000 -LEADER
campo de control de longitud fija 01027nam a22002055i 4500
001 - NÚMERO DE CONTROL
campo de control 163895
003 - IDENTIFICADOR DE NÚMERO DE CONTROL
campo de control ES-MaACL
005 - FECHA Y HORA DE LA ÚLTIMA TRANSACCIÓN
campo de control 20251011165009.0
008 - DATOS DE LONGITUD FIJA--INFORMACIÓN GENERAL
campo de control de longitud fija 020402s1878 sp |||| | spa d
040 ## - FUENTE DE CATALOGACIÓN
Centro catalogador/agencia de origen CAM
Lengua de catalogación spa
Centro/agencia transcriptor CAM
100 1# - ENTRADA PRINCIPAL--NOMBRE DE PERSONA
Nombre de persona Roman, Luis.
9 (RLIN) 132021
245 14 - MENCIÓN DEL TÍTULO
Título Los duelos con pan son menos
Resto del título : juguete lírico en un acto y en verso /
Mención de responsabilidad, etc. letra de Luis Roman ; música del maestro Nieto.
260 ## - PUBLICACIÓN, DISTRIBUCIÓN, ETC.
Lugar de publicación, distribución, etc. Madrid :
Nombre del editor, distribuidor, etc. [s.n.],
Fecha de publicación, distribución, etc. 1878 (
Fabricante Establecimiento tipografico de J.C. Conde y compañía)
300 ## - DESCRIPCIÓN FÍSICA
Extensión 29 p. ;
Dimensiones 20 cm.
500 ## - NOTA GENERAL
Nota general En port.: Estrenada en el Teatro Eslava la noche del 20 de abril de 1878.
596 ## - NOTA AL PIE DE IMPRENTA
NOTA AL PIE DE IMPRENTA En verso de la port. consta: "... galería El teatro, perteneciente á Alonso Gullon ..."
700 1# - ENTRADA AGREGADA--NOMBRE PERSONAL
Nombre de persona Nieto, Manuel,
Fechas asociadas al nombre 1844-1915
9 (RLIN) 130485
852 ## - LOCALIZACIÓN
Ubicación ES-MaACL
Número de control de estantería F-8580(5)
Nota libre -- Enc. pasta española, falto de la cub. original
-- -- Ex-libris ms. de Angel Povedano
-- -- Enc. en un vol. facticio, formando parte de la col. facticia: "Teatro español moderno", vol. 33
Existencias
Estatus retirado Estado de pérdida Estado de daño No para préstamo Colección Biblioteca de origen Biblioteca actual Ubicación en estantería Fecha de adquisición Total de préstamos Signatura topográfica completa Código de barras Visto por última vez Precio de reemplazo Tipo de ítem Koha
        Libros del s. XIX Biblioteca del Ateneo de Madrid Biblioteca del Ateneo de Madrid Sala Pecera Planta 2 17/01/2008   F-8580(5) 1171766 23/02/2023 23/02/2023 Libro impreso antiguo